Türkiye nasıl kurtarılabilir? (Record no. 45156)

MARC details
000 -LEADER
fixed length control field 00813cam a22002291 4500
001 - CONTROL NUMBER
control field ne 62000920
003 - CONTROL NUMBER IDENTIFIER
control field DLC
005 - DATE AND TIME OF LATEST TRANSACTION
control field 20260227111736.0
008 - FIXED-LENGTH DATA ELEMENTS--GENERAL INFORMATION
fixed length control field 860221s1950 tu c 000 0 tur
010 ## - LIBRARY OF CONGRESS CONTROL NUMBER
LC control number ne 62000920
035 ## - SYSTEM CONTROL NUMBER
System control number (OCoLC)13179123
040 ## - CATALOGING SOURCE
Original cataloging agency DLC
Transcribing agency CLU
Modifying agency CLU
-- DLC
050 00 - LIBRARY OF CONGRESS CALL NUMBER
Classification number DR590
Item number .S3 1950
100 0# - MAIN ENTRY--PERSONAL NAME
Personal name Sabahaddin,
Titles and words associated with a name Prens,
Dates associated with a name 1877-1948.
245 10 - TITLE STATEMENT
Title Türkiye nasıl kurtarılabilir?
Statement of responsibility, etc. [Yazan] M. Sabahattin.
250 ## - EDITION STATEMENT
Edition statement [2. basım]
Remainder of edition statement Nezahet Nurettin Ege ve Mehmet Ali Şevkiʼnin mukaddemileriyle.
260 ## - PUBLICATION, DISTRIBUTION, ETC.
Place of publication, distribution, etc. İstanbul,
Name of publisher, distributor, etc. Türkiye Basımevi,
Date of publication, distribution, etc. 1950.
300 ## - PHYSICAL DESCRIPTION
Extent 61 p.
Other physical details port.
Dimensions 21 cm.
490 0# - SERIES STATEMENT
Series statement İstanbul Muallimler Birlig̈i Terbiye Encümeni neşriyatından,
Volume/sequential designation no. 1
651 #0 - SUBJECT ADDED ENTRY--GEOGRAPHIC NAME
Geographic name Turkey
General subdivision Politics and government
Chronological subdivision 1918-1960.
700 1# - ADDED ENTRY--PERSONAL NAME
Personal name Ege, Nezahet Nurettin,
Dates associated with a name 1901-
Relator term ed.

No items available.

Powered by Koha